000 00490nam a2200181Ia 4500
003 IN-BaIIA
008 211028s9999 xx 000 0 eng d
020 _a81-250-0631-1
040 _cIIA Library
080 _a299.1
_bSHA
100 _aSharma, R.S.
_919697
245 0 _aLooking for the Aryans
_cR.S. Sharma
260 _bOrient Longman
_c1995
300 _a106p.
650 _aAryans
_919698
650 _aReligion
_916097
942 _cBK
999 _c11439
_d11439